=LDR 00000nam 2200000 4500 =001 INLIS000000000027297 =005 20200615103931 =035 ##$$a 0010-061300000027297 =008 200615################g##########0#ind## =041 ##$$a Ind =082 ##$$a 2x4.3 =090 ##$$a 2x4.3, Ais b =100 1#$$a Alsayyid, Syekh Majdy Fathy =245 1#$$a Bunga cinta malam pertama : $b Tiga puluh pesan untuk kedua mempelai di jejak awal pernikahan /$c Syekh Majdy Fathy al-Sayyid; Penerjemah,Fahmi Ridha =260 ##$$a Jakarta :$b Mirqat,$c 2007 =300 ##$$a xi,76 hlm, ; $c 14 x 20 cm =650 #4$$a Islam Perkawinan =700 #$$a RIDHA,FAHMI =850 ##$$a NBPNMAT =020 ##$$a 979-1234-10-8 =084 ##$$a 2x4.3 ALS b =250 ##$$a cet.1 =990 ##$$a 20704454 =990 ##$$a 207044451/Pb-07 =990 ##$$a 20704452